000 01058nam a2200265 a 4500
001 000016682
005 20240528100427.0
008 100309s2005 dr a r 000 0 spa d
020 _a9993479802
040 _aDO-SdBNP
_bspa
_cBNPHU
082 _a352.83
_bP762c
100 1 _aPolanco, Gabino José
_911632
245 1 0 _aCurso introductorio al reconocimiento de mercancías para oficiales verificadores, supervisores o vistas aforadores /
_cGabino José Polanco, presentación Gregorio Lora Arias.
260 _aSanto Domingo :
_bDirección General de Aduanas (DGA),
_c2005.
300 _av. :
_bil. ;
_c24 cm.
500 _aIncluye datos biográficos del autor en la solapa de la cubierta.
504 _aBibliografía : p. 251
590 _aInventariado, 2018/BT
650 4 _aAforo (aduanas)
_99336
650 4 _aMercancías
_xClasificación y normalización
_937032
650 4 _aNomenclatura arancelaria
_937033
650 4 _aClasificación (mercadeo)
_918759
650 0 _aAranceles de aduana
_985395
910 _aValidado. Control de calidad. EMS
999 _c16215
_d16215